000 00936cac a22002535a 4500
005 20171113131245.0
008 120429s1988 ilua frb 001 0 eng d
020 _a0713145420
040 _aEG-ScBUE
_beng
_cEG-ScBUE
_dEG-ScBUE
082 0 4 _a616.0756
_bZIL
_222
100 1 _a Zilva, Joan F.
_929743
_c(Joan Foster)
245 1 0 _aClinical chemistry in diagnosis and treatment /
_cJoan F. Zilva, Peter R. Pannall, Philip D. Mayne.
250 _a5th ed.
260 _aChicago :
_bYear Book Medical Publishers,
_c1988.
300 _axix, 490 p. :
_bill. ;
_c23 cm.
500 _a"A Lloyd-Luke publication"--Half-t.p.
504 _aIncludes bibliographical references.
650 7 _aClinical chemistry.
_929744
_2BUEsh
650 7 _aDiagnosis, Differential.
_919647
_2BUEsh
653 _bENGCHE
_bGGEN
_cNovember2017
700 1 _aPannall, P. R.
_q(Peter Ronald)
_929746
700 1 _aMayne, Philip D.
_929747
942 _cBB
_k616.0756Z651
_2ddc
999 _c3552
_d3552